书目信息 |
| 题名: |
新大纲大学英语1~6级词汇背诵手册
|
|
| 作者: | 徐广联 主编 | |
| 分册: | ||
| 出版信息: | 上海 华东理工大学出版社 2002.06 |
|
| 页数: | 577页 | |
| 开本: | 17cm | |
| 丛书名: | 新世纪英语丛书 | |
| 单 册: | ||
| 中图分类: | H313.1-62 | |
| 科图分类: | ||
| 主题词: | 英语--词汇--高等学校--手册 | |
| 电子资源: | ||
| ISBN: | 7-5628-1254-3 | |
| 000 | 00856nam2 2200241 450 | |
| 001 | 010563634640 | |
| 005 | 20050905161248.11 | |
| 010 | @a7-5628-1254-3@dCNY15.80 | |
| 100 | @a20050326d2002 km y0chiy0120 ea | |
| 101 | 0 | @achi@aeng |
| 102 | @aCN@b310000 | |
| 105 | @ay z 000yy | |
| 200 | 1 | @a新大纲大学英语1~6级词汇背诵手册@Axin da gang da xue ying yu 1~6 ji ci hui bei song shou ce@f徐广联主编@Fxu guang lian zhu bian |
| 210 | @a上海@c华东理工大学出版社@d2002.06 | |
| 215 | @a577页@d17cm | |
| 225 | 2 | @a新世纪英语丛书 |
| 330 | @a这本背诵手册目标明确,就是以简明直接的方式,列出大学生必须熟记的1到6级词汇,给出必须掌握的基本词义。 | |
| 410 | 0 | @12001 @a新世纪英语丛书 |
| 606 | 0 | @a英语@x词汇@x高等学校@j手册 |
| 690 | @aH313.1-62@v4 | |
| 701 | 0 | @a徐广联@Axu guang lian@4主编 |
| 801 | 0 | @aCN@bQSSK@c20050905 |
| 905 | @a10447@dH313.1-62@eX713 | |
| 新大纲大学英语1~6级词汇背诵手册/徐广联主编.-上海:华东理工大学出版社,2002.06 |
| 577页;17cm.-(新世纪英语丛书) |
| ISBN 7-5628-1254-3:CNY15.80 |
| 这本背诵手册目标明确,就是以简明直接的方式,列出大学生必须熟记的1到6级词汇,给出必须掌握的基本词义。 |
| ● |
| 相关链接 |
|
|
|
正题名:新大纲大学英语1~6级词汇背诵手册
索取号:H313.1-62/X713
 
预约/预借
| 序号 | 登录号 | 条形码 | 馆藏地/架位号 | 状态 | 备注 |
| 1 | 528285 | 205282852 | 语言库209/209语言库 33排7列6层/ [索取号:H313.1-62/X713] | 在馆 | |
| 2 | 528286 | 205282861 | 语言库209/209语言库 33排7列6层/ [索取号:H313.1-62/X713] | 在馆 | |
| 3 | 528287 | 205282870 | 语言库209/209语言库 33排7列6层/ [索取号:H313.1-62/X713] | 在馆 |